000
00304nam a22001337a 4500
008
170614b xxu||||| |||| 00| 0 eng d
020
_a
9780176169640
041
_a
eng
080
_2
4TH
_a
323
100
_a
19
101
_a
SHP
245
_a
CONTEMPORARY POLITICAL ISSUES
_c
CHARLTON,M
942
_2
udc
_c
BK
999
_c
17258
_d
17258